[Event "GER-ch U14 Girls"]
[Site "Willingen"]
[Date "2016.05.18"]
[Round "6"]
[White "Kung, Fanny"]
[Black "Flach, Helene"]
[Result "1/2-1/2"]
[WhiteElo "1571"]
[BlackElo "1702"]
[PlyCount "51"]
[EventDate "2016.05.15"]
[EventType "swiss"]
[EventRounds "9"]
[EventCountry "GER"]
[SourceTitle "CBM 172 Extra"]
[Source "ChessBase"]
[SourceDate "2016.06.21"]
[SourceVersion "1"]
[SourceVersionDate "2016.06.21"]
[SourceQuality "1"]

1. d4 d5 2. g3 e6 3. Nf3 Nf6 4. Bg2 Be7 5. 0-0 0-0 6. c3 Nbd7 7. e3 b6 8. Nbd2 Bb7 9. Qc2 c5 10. Re1 Rc8 11. Nb3 h6 12. Bd2 Ne4 13. Rad1 Qc7 14. Nc1 Ba6 15. Nd3 Bxd3 16. Qxd3 c4 17. Qc2 b5 18. Bc1 a5 19. Nd2 f5 20. Nxe4 fxe4 21. Rf1 Rcd8 22. f3 exf3 23. Rxf3 Nf6 24. Rff1 Qb7 25. Rde1 Rde8 26. b3 1/2-1/2

[Event "Magdeburg op-B"]
[Site "Magdeburg"]
[Date "2014.06.10"]
[Round "5"]
[White "Tamrazyan, Gohar"]
[Black "Kung, Fanny"]
[Result "1-0"]
[WhiteElo "1531"]
[BlackElo "1118"]
[PlyCount "117"]
[EventDate "2014.06.08"]
[EventType "swiss"]
[EventRounds "9"]
[EventCountry "GER"]
[SourceTitle "CBM 160 Extra"]
[Source "ChessBase"]
[SourceDate "2014.07.01"]
[SourceVersion "1"]
[SourceVersionDate "2014.07.01"]
[SourceQuality "1"]

1. d4 Nf6 2. c4 e6 3. Nc3 Bb4 4. Qc2 c5 5. e3 d5 6. a3 Bxc3+ 7. Qxc3 Ne4 8. Qc2 f5 9. cxd5 cxd4 10. exd4 exd5 11. Nf3 0-0 12. Bd3 Nc6 13. 0-0 Qf6 14. Qb3 Rd8 15. Bxe4 fxe4 16. Bg5 Qg6 17. Bxd8 exf3 18. Qxd5+ Be6 19. Qxf3 Rxd8 20. g3 Rxd4 21. Rad1 Rxd1 22. Rxd1 h6 23. Rd6 Qf5 24. Qe3 Bd5 25. Qe8+ Kh7 26. Kf1 Bc4+ 27. Ke1 Qb1+ 28. Rd1 Qf5 29. Qe3 Qe5 30. Qxe5 Nxe5 31. Kd2 Nf3+ 32. Kc3 Be2 33. Rd7 Ba6 34. h4 Ne5 35. Re7 Nc6 36. Rd7 Ne5 37. Rd5 Ng4 38. f3 Nf6 39. Re5 b6 40. Kd4 Bb7 41. f4 Nd7 42. Re7 Nc5 43. b4 Nb3+ 44. Kc3 Bd5 45. Rxa7 b5 46. f5 Nc1 47. f6 Kg6 48. fxg7 Kh7 49. g4 Ne2+ 50. Kd3 Nf4+ 51. Kd4 Be6 52. g5 Ng2 53. gxh6 Nxh4 54. Kc5 Bc4 55. a4 Nf5 56. axb5 Bg8 57. b6 Nxh6 58. b7 Nf5 59. b8Q 1-0

[Event "GER-ch U25 op-B"]
[Site "Oberhof"]
[Date "2013.05.19"]
[Round "1"]
[White "Frohnhaeuser, Simon"]
[Black "Kung, Fanny"]
[Result "1-0"]
[WhiteElo "1418"]
[BlackElo "1052"]
[PlyCount "129"]
[EventDate "2013.05.19"]
[EventType "swiss"]
[EventRounds "9"]
[EventCountry "GER"]
[SourceTitle "CBM 154 Extra"]
[Source "ChessBase"]
[SourceDate "2013.06.25"]
[SourceVersion "2"]
[SourceVersionDate "2013.06.25"]
[SourceQuality "1"]

1. f4 d5 2. g3 Nf6 3. Bg2 c5 4. Nf3 e6 5. 0-0 Bd6 6. d3 Nc6 7. Qe1 0-0 8. e4 dxe4 9. dxe4 Bc7 10. Nc3 b6 11. Be3 Bb7 12. Rd1 Qe7 13. h3 Nb4 14. e5 Nfd5 15. Nxd5 Bxd5 16. Qe2 Rad8 17. a3 Nc6 18. Rfe1 Rd7 19. Kh2 Rfd8 20. c3 a5 21. Qc2 h6 22. Qa4 Na7 23. Qc2 Bb7 24. Qb3 Ba6 25. Nd2 Nc6 26. Bxc6 Rd3 27. Be4 R3d7 28. Bg2 b5 29. Ne4 c4 30. Qc2 b4 31. cxb4 axb4 32. axb4 Qxb4 33. Bc5 Qb5 34. Bd6 Ba5 35. Rf1 Qb6 36. Nc5 Ra7 37. Nxa6 Rxa6 38. Qxc4 f6 39. Qxe6+ Kh7 40. Be4+ Kh8 41. Rb1 Qd4 42. Bg2 Bb4 43. Qe7 Bxd6 44. Qxd8+ Kh7 45. exd6 Rxd6 46. Qe8 f5 47. Qf7 Rf6 48. Qd5 Qxd5 49. Bxd5 Rd6 50. Rbd1 Rb6 51. b3 g6 52. Rfe1 Kg7 53. Re7+ Kf6 54. Re6+ Rxe6 55. Bxe6 Kxe6 56. b4 Ke7 57. b5 g5 58. b6 gxf4 59. gxf4 h5 60. b7 h4 61. b8Q Ke6 62. Qb6+ Ke7 63. Qc6 Kf7 64. Rd7+ Ke8 65. Qc8# 1-0